00631nam a22002177a 450000500170000001000130001702000100003003500130004003700160005304000120006908200150008124501100009626000450020627000410025130000200029250000200031265000190033265000240035170000190037570000190039420170124110009.0 aB-079968 c00.00 aB-079968 bCen Lib/Ret aDPLbEN a303.6bGUJ aGujarat after godhra :cedited by ramesh N. Rao [and] Koenraad Elst breal, violence selective outrange / aNew Delhibhar-anand publications c2002 bNew DelhiaF-1211, Chittranjan park  a248p.c21cm(Hb) aIncludes index  aSocial science aViolence z Gujarat aRao, Ramesh N. aElst, Koenraad